000 00644nam a22002417a 4500
003 OSt
005 20140310182009.0
008 130729t xxu||||| |||| 00| 0 eng d
020 _a0451522389
050 _aPR 5776
_b.W453 1984
082 _aCLA
_bW46t 1984
100 _aWells, H.G
_93909
245 _aThe time machine the invisble man /
_cH.G. Wells.
260 _aNew York :
_bPenguin Books,
_c1984.
300 _a278 p. ;
541 _j1
562 _e1
650 _aImagination--fiction
650 _a Time Machine
_95785
650 _aTime Traveller
_95786
650 _aSubterranean
_95787
942 _2lcc
_cBBK
_kCLA
999 _c8102
_d8102